Hit Parade - Titres le plus longtemps no1 en France - Statistiques

Statistiques générales
  • Ce quiz a été pris 22 fois
  • Le résultat moyen est 3 sur 15
Statistiques - réponses
Nombre de semaines Année de sortie Langue(s) de la chanson Titre de la chanson ou nom de l'artiste % Correct
15 2004 Roumain Dragostea din tei / O-Zone
78%
15 2017 Anglais Shape of You / Ed Sheeran
72%
18 2017 Espagnol Despacito / Luis Fonsi feat. Daddy Yankee
67%
18 1998 Français Belle / Notre-Dame de Paris
22%
22 2018 Anglais Shallow / Lady Gaga & Bradley Cooper
22%
15 2000 Français Ces soirées-là / Yannick
17%
22 2013 Anglais Happy / Pharrell Williams
17%
18 2020 ZoulouAnglais Pidgin nigérian Jerusalema (remix) / Master KG feat. Burna Boy & Nomcebo Zikode
17%
20 1999 Anglais Mambo No. 5 / Lou Bega
11%
17 2000 Français Les Rois du monde / Roméo et Juliette, de la haine à l'amour
6%
16 1994 Anglais 7 seconds / Youssou N'Dour & Neneh Cherry
0%
15 1992 Français Dur dur d'être bébé / Jordy
0%
15 1993 Anglais Living on My Own / Freddie Mercury
0%
15 2014 Anglais Prayer in C / Lilly Wood and the Prick & Robin Schulz
0%
15 2005 Français Un monde parfait / Ilona Mitrecey
0%
Aucun quiz correspondant
Distribution des résultats
% des personnes avec chaque résultat
Percentile par nombre de réponses
Votre historique - résultats
Vous n’avez pas pris ce quiz